Návrh a tvorba internetového obchodu diplomová práca

Salvato in:
Dettagli Bibliografici
Autore principale: Lovás, Matúš
Ente Autore: Obchodná fakulta EU. Katedra marketingu
Altri autori: Loydlová, Miroslava
Natura: Libro
Lingua:slovacco
Pubblicazione: Bratislava 2014
Tags: Aggiungi Tag
Nessun Tag, puoi essere il primo ad aggiungerne!!

MARC

LEADER 00000nbm a2200000 4500
001 0186054
005 20170201094637.0
041 0 |a slo 
044 |a SK 
245 1 0 |a Návrh a tvorba internetového obchodu  |b diplomová práca  |c Matúš Lovás ; školiteľ: Miroslava Loydlová 
264 1 |a Bratislava  |c 2014 
300 |a 70 s. 
100 1 |a Lovás, Matúš 
700 1 |a Loydlová, Miroslava 
710 2 |a Obchodná fakulta EU. Katedra marketingu